<?xml version='1.0' encoding='UTF-8'?><?xml-stylesheet href='static/style.xsl' type='text/xsl'?><OAI-PMH xmlns="http://www.openarchives.org/OAI/2.0/" xmlns:xsi="http://www.w3.org/2001/XMLSchema-instance" xsi:schemaLocation="http://www.openarchives.org/OAI/2.0/ http://www.openarchives.org/OAI/2.0/OAI-PMH.xsd"><responseDate>2026-05-01T10:00:50Z</responseDate><request verb="GetRecord" identifier="oai:ebiltegia.mondragon.edu:20.500.11984/5359" metadataPrefix="marc">https://ebiltegia.mondragon.edu/oai/request</request><GetRecord><record><header><identifier>oai:ebiltegia.mondragon.edu:20.500.11984/5359</identifier><datestamp>2024-03-05T11:40:58Z</datestamp><setSpec>com_20.500.11984_473</setSpec><setSpec>col_20.500.11984_478</setSpec></header><metadata><record xmlns="http://www.loc.gov/MARC21/slim" xmlns:dcterms="http://purl.org/dc/terms/" xmlns:xsi="http://www.w3.org/2001/XMLSchema-instance" xmlns:doc="http://www.lyncode.com/xoai" xsi:schemaLocation="http://www.loc.gov/MARC21/slim http://www.loc.gov/standards/marcxml/schema/MARC21slim.xsd">
   <leader>00925njm 22002777a 4500</leader>
   <datafield ind2=" " ind1=" " tag="042">
      <subfield code="a">dc</subfield>
   </datafield>
   <datafield ind2=" " ind1=" " tag="720">
      <subfield code="a">Silvestre Soriano, Elena</subfield>
      <subfield code="e">author</subfield>
   </datafield>
   <datafield ind2=" " ind1=" " tag="720">
      <subfield code="a">GALDOS, Lander</subfield>
      <subfield code="e">author</subfield>
   </datafield>
   <datafield ind2=" " ind1=" " tag="720">
      <subfield code="a">Sáenz de Argandoña, Eneko</subfield>
      <subfield code="e">author</subfield>
   </datafield>
   <datafield ind2=" " ind1=" " tag="720">
      <subfield code="a">Mendiguren, Joseba</subfield>
      <subfield code="e">author</subfield>
   </datafield>
   <datafield ind2=" " ind1=" " tag="260">
      <subfield code="c">2015</subfield>
   </datafield>
   <datafield ind2=" " ind1=" " tag="520">
      <subfield code="a">Although steel has been used in vehicles from the automotive industry's inception, different steel gradesare continually being developed in order to satisfy new fuel economy requirements. For example,advanced high strength steel grades (AHSS) are widely used due to their good strength/weight ratio.Because each steel grade has a different microstructure composition, they show different behaviourswhen they are subjected to different strain paths in forming processes. Materials with high yieldstrength tend to be influenced by phenomena of cyclic plasticity such as the Bauschinger Effect, whilelow yield strength materials tend to harden when they are subjected to cyclic loading.Different steel grades are used in different forming processes, which are usually optimised bynumerical tools such as Finite Element Models. This method requires proper hardening rules in order tocorrectly predict the real behaviour of the materials. For instance, AHSS are usually well modelled bymeans of mixed isotropic–kinematic hardening models.The methodology for developing a mixed hardening model to be implemented infinite elementcodes and simulate sheet forming processes requires three steps: (i) an appropriate experimental test toobtain stress–strain curves, (ii) a model able to predict accurately the behaviour of the material and (iii) aparameter identification method. Currently, there are few studies which analyse and model thehardening behaviour of different steel families following the same methodology. In this work, a widerange of steels from low to high yield strengths were characterised and their hardening behaviourmodelled with the same methodology so as to provide comparative data.In particular, the Chaboche and Lemaitre hardening model was successfullyfitted to the experi-mental stress–strain curves obtained from a tension–compression test. The test was performed at lowcyclic deformations (72%) due to the limitation of the test to achieve higher deformations during thecompression without buckling. Therefore, this modelization is useful for low deformation processes suchas the roll levelling process (Silvestre; 2013, Silvestre et al.Steel Res Int; 2012, 1295), in which themaximum deformations achieved are lower than 2%.</subfield>
   </datafield>
   <datafield ind1="8" ind2=" " tag="024">
      <subfield code="a">0020-7403</subfield>
   </datafield>
   <datafield ind1="8" ind2=" " tag="024">
      <subfield code="a">https://katalogoa.mondragon.edu/janium-bin/janium_login_opac.pl?find&amp;ficha_no=117620</subfield>
   </datafield>
   <datafield ind1="8" ind2=" " tag="024">
      <subfield code="a">https://hdl.handle.net/20.500.11984/5359</subfield>
   </datafield>
   <datafield tag="653" ind2=" " ind1=" ">
      <subfield code="a">Cyclic hardening</subfield>
   </datafield>
   <datafield tag="653" ind2=" " ind1=" ">
      <subfield code="a">Bauschinger Effec</subfield>
   </datafield>
   <datafield tag="653" ind2=" " ind1=" ">
      <subfield code="a">Mixed hardening law</subfield>
   </datafield>
   <datafield tag="653" ind2=" " ind1=" ">
      <subfield code="a">Parameter identification</subfield>
   </datafield>
   <datafield ind2="0" ind1="0" tag="245">
      <subfield code="a">Comparison of the hardening behaviour of different steel families : from mild and stainless steel to advanced high strength steels</subfield>
   </datafield>
</record></metadata></record></GetRecord></OAI-PMH>